000 00438nam a2200157Ia 4500
003 GCL
008 140319s9999 xx 000 0 ara d
040 _aGCL /
_cGCL
082 0 4 _a956.9
_bم ق
100 1 _aممدوح نوفل
245 1 0 _aقصه اتفاق اوسلو /
_cممدوح نوفل
490 _a
650 0 4 _aالسياسة الدولية
650 0 4 _aفلسطين - العلاقات الخارجية
942 _2ddc
_cBK
999 _c39112
_d39112